00275nam a2200109Ia 4500008004100000041000800041082001700049100000900066245003800075260003300113300001900146241015s9999 xx 000 0 und d aeng a332.6327 WIL aWild aExchange Traded Funds For Dummies bWiley IndiaaNew Delhic2022 a430;. P. 23 cm